000 01553nam a2200397 c 4500
001 7001
003 ES-MaCES
005 20150929132112.0
008 980528s1997 gr o ||| | fre d
035 _aCES19980070681m
040 _aES-MaCES
_bspa
_cES-MaCES
041 0 _afre
_aeng
111 2 _aReunión Anual de Presidentes y Secretarios Generales de los Consejos Económicos y Sociales de la Unión Europea
_d1997
_cAtenas
_9317
245 1 0 _aEconomic and Social Councils of the European Union
_b: Annual Meeting of the Presidents and the Secretaries General : Athens, 11th-12th December, 1997
_c[organised by Economic and Social Council of Greece]
260 _aAthens
_bEconomic and Social Council of Greece
_c1997
300 _a[2], 88 h.
_bfot. col.
_c30 cm
500 _aTít. tomado de la cub.
500 _aTextos en francés e inglés
504 _aBibliografía. Indice
541 _cGratuito
650 4 _aempleo
_928299
650 4 _anegociación colectiva
_928362
650 4 _aconcertación tripartita
_930936
650 4 _aConsejos Económicos y Sociales
_930859
650 4 _apapel económico
_929542
650 4 _apapel social
_927285
650 4 _aestudio de casos
_928846
650 4 _aconferencia
_927013
653 1 0 _aAdministración-Instituciones públicas
650 4 _928369
_arelaciones laborales
650 4 _929020
_apaís de la UE
710 2 _aConsejo Económico y Social (Grecia)
_ecol.
_92421
902 _aDOC Literatura gris
942 _2CES
_cBK
_h6.3.
999 _c7001
_d7001